Aaloo-Maaloo-Kaaloo / (Record no. 53503)

MARC details
000 -LEADER
fixed length control field 00652nam a22001937a 4500
005 - DATE AND TIME OF LATEST TRANSACTION
control field 2011070103493.0
020 ## - INTERNATIONAL STANDARD BOOK NUMBER
International Standard Book Number 8182636949
Terms of availability 15.00
020 ## - INTERNATIONAL STANDARD BOOK NUMBER
International Standard Book Number 9788182636941
Terms of availability 15.00
037 ## - SOURCE OF ACQUISITION
Stock number DPL
Source of stock number/acquisition Blue Berry
082 ## - DEWEY DECIMAL CLASSIFICATION NUMBER
Classification number S
100 ## - MAIN ENTRY--PERSONAL NAME
Personal name Vinita Krishna
245 ## - TITLE STATEMENT
Title Aaloo-Maaloo-Kaaloo /
Statement of responsibility, etc by Vinita Krishna; illustrated by Suvidha Mistry; translated by Ritu Singh
250 ## - EDITION STATEMENT
Edition statement 3rd
260 ## - PUBLICATION, DISTRIBUTION, ETC. (IMPRINT)
Place of publication, distribution, etc New Delhi
Name of publisher, distributor, etc Pratham Books
Date of publication, distribution, etc 2010
270 ## - ADDRESS
Address 633-634,4th "C" Main,6th 'B' Cross, OMBR Layout Banaswadi,
City Bangalore
Postal code 560043
Telephone number 911141042483 (New Delhi)
300 ## - PHYSICAL DESCRIPTION
Extent 8p.
Other physical details ill.
Dimensions 17 cm.(pbk)
942 ## - ADDED ENTRY ELEMENTS (KOHA)
Source of classification or shelving scheme Dewey Decimal Classification
Item type Children Books
Classification part S
Call number suffix VIN

No items available.


© Delhi Public Library
Hit Counter
free hit counter